[Event "Crema op 01st"]
[Site "Crema"]
[Date "1999.09.18"]
[Round "3"]
[White "Faggiani, Marco"]
[Black "Aglio, Michele"]
[Result "0-1"]
[WhiteElo "1605"]
[BlackElo "1648"]
[PlyCount "94"]
[EventDate "1999.09.17"]
[EventType "swiss"]
[EventRounds "6"]
[EventCountry "ITA"]
[SourceTitle "EXT 2024"]
[Source "ChessBase"]
[SourceDate "2023.10.10"]
[SourceVersion "1"]
[SourceVersionDate "2023.10.10"]
[SourceQuality "1"]

1. d4 Nf6 2. Nf3 e6 3. e3 d5 4. Bd3 c5 5. c3 Nc6 6. Nbd2 Bd6 7. 0-0 0-0 8. dxc5 Bxc5 9. e4 Qc7 10. exd5 exd5 11. Nb3 Bd6 12. h3 h6 13. Nbd4 a6 14. Re1 Bd7 15. Bd2 Rae8 16. Qc2 Ne5 17. Nxe5 Bxe5 18. Nf3 Bf4 19. Bxf4 Qxf4 20. Qd2 Qc7 21. Rxe8 Rxe8 22. Re1 Rxe1+ 23. Qxe1 Qb6 24. b3 Bb5 25. Bxb5 Qxb5 26. Qe7 Qc6 27. Qd8+ Kh7 28. Ne5 Qxc3 29. Nxf7 Qe1+ 30. Kh2 Qxf2 31. Qh8+ Kg6 32. Ne5+ Kf5 33. Nf3 d4 34. Qc8+ Kg6 35. Qc5 Qxa2 36. Nxd4 Qf2 37. Qc4 Qf4+ 38. Kh1 b5 39. Qc2+ Qe4 40. Qc5 Nh5 41. b4 Nf4 42. Qc2 Qxc2 43. Nxc2 Kf5 44. Kg1 Ke4 45. Kf2 Kd3 46. Ne3 Kc3 47. Nf5 Ne6 0-1